Central Library OPAC University of Rajshahi

The essence of Plotinus : (Record no. 30942)

MARC details
000 -LEADER
fixed length control field 01424cam a2200349 i 4500
001 - CONTROL NUMBER
control field 30942
003 - CONTROL NUMBER IDENTIFIER
rucl marc code BD-RjUL
005 - DATE AND TIME OF LATEST TRANSACTION
control field 20211209051635.0
008 - FIXED-LENGTH DATA ELEMENTS--GENERAL INFORMATION
fixed length control field 140412r1948 1934ctu b 001 0beng
020 ## - INTERNATIONAL STANDARD BOOK NUMBER
International Standard Book Number 0837190541
035 ## - SYSTEM CONTROL NUMBER
System control number (BD-RjUL)31029
040 ## - CATALOGING SOURCE
Original cataloging agency DLC
Transcribing agency DLC
Modifying agency DLC
Language of cataloging eng
041 ## - LANGUAGE CODE
Language code of text/sound track or separate title eng
082 00 - DEWEY DECIMAL CLASSIFICATION NUMBER
Classification number 186.4
Author mark and year PLE 1948
100 0# - MAIN ENTRY--PERSONAL NAME
Personal name Plotinus.
9 (RLIN) 94012
245 14 - TITLE STATEMENT
Title The essence of Plotinus :
Remainder of title extracts from the six Enneads and Porphyry's Life of Plotinus, based on the translation by Stephen Mackenna : with an appendix giving some of the most important Platonic and Aristotelian sources on which Plotinus drew, and an annotated bibliography /
Statement of responsibility, etc. compiled by Grace H. Turnbull ; foreword by W. R. Inge.
260 ## - PUBLICATION, DISTRIBUTION, ETC. (IMPRINT)
Place of publication, distribution, etc. Westport, Conn. :
Name of publisher, distributor, etc. Greenwood Press,
Date of publication, distribution, etc. c1934.
300 ## - PHYSICAL DESCRIPTION
Pagination xx, 303 p. ;
Size 23 cm.
500 ## - GENERAL NOTE
General note Reprint of the 1934 ed. published by Oxford University Press, New York.
General note Includes index.
504 ## - BIBLIOGRAPHY, ETC. NOTE
Bibliography, etc Bibliography: p. 277-282.
600 00 - SUBJECT ADDED ENTRY--PERSONAL NAME
Personal name Plotinus.
650 #0 - SUBJECT ADDED ENTRY--TOPICAL TERM
Topical term or geographic name as entry element Philosophy.
9 (RLIN) 94014
Topical term or geographic name as entry element Philosophers
Geographic subdivision Greece
General subdivision Biography.
9 (RLIN) 94015
700 1# - ADDED ENTRY--PERSONAL NAME
Personal name Mackenna, Stephen,
Dates associated with a name 1872-1934.
Personal name Turnbull, Grace Hill,
Dates associated with a name 1880-
Personal name Porphyry,
Dates associated with a name approximately 234-approximately 305.
942 ## - ADDED ENTRY ELEMENTS (KOHA)
Source of classification or shelving scheme Dewey Decimal Classification
Koha item type Books
Holdings
Lost status Source of classification or shelving scheme Damaged status Not for loan Collection code Permanent Location Current Location Shelving location Date acquired Source of acquisition Cost, normal purchase price Total Checkouts Full call number Date last seen Copy number Koha item type
  Dewey Decimal Classification   Not For Loan Non-fiction Central Library, University of Rajshahi Central Library, University of Rajshahi Reading Room 02/02/1956 A B C 21.50   186.4 PLE 1948 12/04/2014 C-1 Books
  Dewey Decimal Classification     Non-fiction Central Library, University of Rajshahi Central Library, University of Rajshahi   09/08/1955 O. U. P 12.80   186.4 PLE 1948 12/04/2014 C-2 Books